000
00236nam a2200085Ia 4500
008
120527s9999 xx 000 0 und d
100
_a
Beeghey, Leonard
245
_a
The structure of scoical stratification in the united state
942
_c
BK
999
_c
27739
_d
27739